Escritores y editores en la restauración canovista (1875-1923) / (Record no. 187088)
[ view plain ]
| 000 -LEADER | |
|---|---|
| campo de control de longitud fija | 01100nam a2200313 i 4500 |
| 001 - NÚMERO DE CONTROL | |
| campo de control | 187088 |
| 003 - IDENTIFICADOR DE NÚMERO DE CONTROL | |
| campo de control | SpMaBN |
| 005 - FECHA Y HORA DE LA ÚLTIMA TRANSACCIÓN | |
| campo de control | 20250717063053.0 |
| 008 - DATOS DE LONGITUD FIJA--INFORMACIÓN GENERAL | |
| campo de control de longitud fija | 170411s1994 sp b |||| |dspa d |
| 020 ## - NÚMERO INTERNACIONAL ESTÁNDAR DEL LIBRO | |
| Número Internacional Estándar del Libro | 84-7960-099-3 |
| 080 ## - NÚMERO DE LA CLASIFICACIÓN DECIMAL UNIVERSAL | |
| Número de la Clasificación Decimal Universal | 342.732(460)"18/19" |
| 080 ## - NÚMERO DE LA CLASIFICACIÓN DECIMAL UNIVERSAL | |
| Número de la Clasificación Decimal Universal | 929(460)"18/19" |
| 080 ## - NÚMERO DE LA CLASIFICACIÓN DECIMAL UNIVERSAL | |
| Número de la Clasificación Decimal Universal | 013(460)"18/19" |
| 080 ## - NÚMERO DE LA CLASIFICACIÓN DECIMAL UNIVERSAL | |
| Número de la Clasificación Decimal Universal | 655(460)"18/19" |
| 100 1# - ENTRADA PRINCIPAL--NOMBRE DE PERSONA | |
| Nombre de persona | Pascual, Pedro, |
| Fechas asociadas al nombre | 1934- |
| 9 (RLIN) | 89365 |
| 245 10 - MENCIÓN DEL TÍTULO | |
| Título | Escritores y editores en la restauración canovista (1875-1923) / |
| Mención de responsabilidad, etc. | Pedro Pascual. |
| 250 ## - MENCION DE EDICION | |
| Mención de edición | 1ª ed. |
| 260 ## - PUBLICACIÓN, DISTRIBUCIÓN, ETC. | |
| Lugar de publicación, distribución, etc. | Madrid : |
| Nombre del editor, distribuidor, etc. | Ediciones de la Torre, |
| Fecha de publicación, distribución, etc. | 1994. |
| 300 ## - DESCRIPCIÓN FÍSICA | |
| Extensión | 1 t. en 2 v. (780 p.) ; |
| Dimensiones | 21 cm. |
| 490 1# - MENCIÓN DE SERIE | |
| Mención de serie | Nuestro mundo ; |
| Designación de volumen o secuencia | 40-41. |
| Mención de serie | Historia |
| 500 ## - NOTA GENERAL | |
| Nota general | Índice en v. 1. |
| 594 ## - Nota al título y mención de responsabilidad | |
| Nota al título y mención de responsabilidad | Parte de la tesis doctoral de periodismo del autor. |
| 650 #7 - PUNTO DE ACCESO ADICIONAL DE MATERIA--TÉRMINO DE MATERIA | |
| Término de materia o nombre geográfico como elemento de entrada | Libertad de expresión- |
| Subdivisión geográfica | España- |
| Subdivisión de forma | Historia. |
| 9 (RLIN) | 162347 |
| 650 #7 - PUNTO DE ACCESO ADICIONAL DE MATERIA--TÉRMINO DE MATERIA | |
| Término de materia o nombre geográfico como elemento de entrada | Escritores españoles- |
| Subdivisión cronológica | S.XIX- |
| Subdivisión de forma | Biobibliografías. |
| 9 (RLIN) | 162348 |
| 650 #7 - PUNTO DE ACCESO ADICIONAL DE MATERIA--TÉRMINO DE MATERIA | |
| Término de materia o nombre geográfico como elemento de entrada | Edición- |
| Subdivisión geográfica | España- |
| Subdivisión cronológica | S.XIX. |
| 9 (RLIN) | 147434 |
| 830 0# - PUNTO DE ACCESO ADICIONAL DE SERIE-TÍTULO UNIFORME | |
| Título uniforme | Nuestro mundo ; |
| Designación de volumen o secuencia | 40-41. |
| Título uniforme | Historia |
| 9 (RLIN) | 192738 |
| 852 ## - LOCALIZACIÓN | |
| Ubicación | ES-MaACL |
| Número de control de estantería | L-31409-10 |
| Estatus retirado | Estado de pérdida | Estado de daño | No para préstamo | Biblioteca de origen | Biblioteca actual | Ubicación en estantería | Fecha de adquisición | Fuente de adquisición | Total de préstamos | Signatura topográfica completa | Código de barras | Visto por última vez | Precio de reemplazo | Tipo de ítem Koha |
|---|---|---|---|---|---|---|---|---|---|---|---|---|---|---|
| Biblioteca del Ateneo de Madrid | Biblioteca del Ateneo de Madrid | Depósito 2 | 11/04/2017 | L-31409-10 | 1197376 | 23/02/2023 | 23/02/2023 | Libro impreso |
